MARC

LEADER 00000nam0a2200000 4500
001 140581
005 20231031142110.0
010 |a 0387008942 
035 |a (RuTPU)RU\TPU\book\152301 
090 |a 140581 
100 |a 20080702d2003 m y0engy50 ca 
101 0 |a eng 
102 |a US 
105 |a a z 001zy 
200 1 |a Stochastic Approximation and Recursive Algorithms and Applications  |f H. J. Kushner, G. G. Yin 
205 |a Second Edition 
210 |a New York  |c Springer  |d 2003 
215 |a 474 p.  |c il. 
225 1 |a Applications of Mathematics 
320 |a References: p. 443-463. 
610 1 |a математика 
610 1 |a математическая статистика 
610 1 |a стохастические уравнения 
610 1 |a стохастическая аппроксимация 
610 1 |a английский язык 
675 |a 519.21  |v 3 
700 1 |a Kushner  |b H. J.  |g Harold J. 
701 1 |a Yin  |b G. G.  |g G. George 
801 1 |a RU  |b 63413507  |c 20080702  |g PSBO 
801 2 |a RU  |b 63413507  |c 20080711  |g PSBO 
942 |c BK